| 000 | 00433nam a2200169 a 4500 | ||
|---|---|---|---|
| 001 | 454 | ||
| 003 | CDMR | ||
| 005 | 20131002173620.0 | ||
| 008 | 130130s1977||||||||||||||||||||||||||||d | ||
| 040 |
_aCDMR _bcat _cCDMR |
||
| 100 | 1 |
_aBerwanger, Dietrich _9326 |
|
| 245 | 1 | 0 | _aCine y televisión a bajo costo |
| 260 |
_aQuito _c1977 _bEpoca _bCIESPAL |
||
| 490 | 0 |
_aIntiyan _v3 |
|
| 650 | 0 | 4 |
_93479 _aCinematografia i televisió |
| 942 |
_cMON _2udc |
||
| 999 |
_c454 _d454 |
||